Les drapeaux aux couleurs panarabes - Statistiques

Statistiques générales
  • Ce quiz a été pris 113 fois
  • Le résultat moyen est 9 sur 15
Statistiques - réponses
Par images Hint Réponse % Correct
Egypte
100%
Irak
97%
Emirats Arabes Unis
93%
Syrie
92%
Koweït
84%
Yémen
83%
Jordanie
82%
Soudan
71%
Ancien drapeau (1936-1958) Syrie
48%
Ancien drapeau (1991-2004) Irak
36%
Ancien drapeau (1962-1990)) Yémen
29%
Ancien drapeau (1963-1991)) Irak
27%
Ancien drapeau (1967-1990) Yémen
24%
Ancien drapeau (1959-1963) Irak
20%
Ancien drapeau (1921-1959) Irak
19%
Aucun quiz correspondant
Distribution des résultats
% des personnes avec chaque résultat
Percentile par nombre de réponses
Votre historique - résultats
Vous n’avez pas pris ce quiz